| 000 | 00000nam##2200000za#4500 |
| 001 | 9.578032 |
| 003 | CaOODSP |
| 005 | 20210624185908 |
| 007 | cr ||||||||||| |
| 008 | 150406|1985||||xxc|||||o f|0| 0 eng|d |
| 022 | |a1488-5387 |
| 040 | |aCaOODSP|beng |
| 043 | |an-cn--- |
| 086 | 1 |aFs97-4/1812E-PDF |
| 110 | 1 |aCanada. |bDepartment of Fisheries and Oceans. |
| 245 | 10|aSoft-shell clam surveys in Charlotte County, New Brunswick, 1983 / |h[electronic resource]|cby R.B. Angus, P. Woo, C.M. Hawkins, and B. Mullen. |
| 260 | |aHalifax - Nova Scotia : |bFisheries and Oceans Canada |cMarch 1985. |
| 300 | |a78p.|bgraphs, maps, references, tables |
| 490 | 1 |aCanadian manuscript report of fisheries and aquatic sciences|x1488-5387|vNo. 1812 |
| 500 | |aThe catalogue number (Fs97-4/1812E) and ISSN (0706-6473) for the print edition have been incorrectly copied in this electronic publication. |
| 546 | |a(Résumés en français) |
| 590 | |a13-27-Supp|b2013-11-15 |
| 690 | 07|aFisheries management|2gcpds |
| 690 | 07|aShellfish|2gcpds |
| 690 | 07|aSurveys|2gcpds |
| 720 | 1 |aAngus, R. B. |
| 830 | #0|aCanadian manuscript report of fisheries and aquatic sciences,|x1488-5387|vNo. 1812|w(CaOODSP)9.505211 |
| 856 | 40|ahttp://publications.gc.ca|qPDF|s2.30 MB|uhttps://publications.gc.ca/collections/collection_2013/mpo-dfo/Fs97-4-1812-eng.pdf|yNo. 1812 |